Statistics for Countries of the World - Three Minute Sprint

Click here to take the quiz!

General Stats

  • This quiz has been taken 26,486 times
    (26,485 since last reset)
  • The average score is 103 of 196

Answers on the Map

Answers color-coded by a green-red scale on the quiz's map according to % correct below.
 

Answer Stats

country% Correct
United States
94%
Canada
93%
Russia
92%
United Kingdom
92%
Mexico
91%
China
89%
France
89%
Brazil
88%
Spain
88%
India
85%
Italy
84%
Chile
83%
Germany
83%
Sweden
83%
Finland
82%
Ireland
82%
Norway
82%
Argentina
81%
Peru
81%
Portugal
81%
Denmark
80%
Iceland
80%
Japan
80%
Australia
79%
Poland
76%
Egypt
75%
Iran
74%
Turkey
74%
Ukraine
74%
Colombia
73%
Cuba
72%
Iraq
72%
Mongolia
71%
Bolivia
70%
Greece
70%
Oman
69%
Ecuador
68%
Uruguay
67%
Indonesia
66%
Panama
66%
Yemen
66%
Algeria
65%
Austria
65%
Paraguay
65%
Venezuela
64%
Belgium
63%
Estonia
63%
Latvia
63%
Libya
63%
Morocco
63%
Laos
62%
Niger
62%
Romania
62%
South Korea
62%
Thailand
62%
Belarus
61%
Democratic Republic
of the Congo
61%
Netherlands
61%
United Arab Emirates
61%
Chad
60%
Haiti
60%
Nepal
60%
Pakistan
60%
Sudan
60%
Vietnam
60%
Mali
59%
South Africa
59%
New Zealand
58%
Nigeria
58%
Saudi Arabia
58%
Tunisia
58%
Guyana
57%
Lithuania
57%
Israel
56%
North Korea
56%
Suriname
56%
Bahamas
55%
Belize
55%
Bulgaria
55%
Congo
55%
Syria
55%
Bhutan
54%
Costa Rica
54%
Dominican Republic
54%
Honduras
54%
Hungary
54%
Kazakhstan
54%
Malaysia
54%
Serbia
54%
Slovakia
54%
Cambodia
53%
Guatemala
53%
Jamaica
53%
Jordan
53%
Myanmar
53%
Switzerland
52%
Nicaragua
51%
Slovenia
51%
Albania
50%
Angola
50%
Croatia
50%
Czechia
50%
Dominica
50%
Ethiopia
50%
Kenya
50%
Malta
50%
Philippines
50%
Sri Lanka
50%
Bosnia and
Herzegovina
49%
Fiji
49%
Somalia
49%
Togo
49%
Ghana
48%
Taiwan
48%
Afghanistan
47%
El Salvador
47%
Madagascar
47%
Qatar
47%
Armenia
46%
Central African Republic
46%
Cyprus
46%
Benin
45%
Lebanon
45%
Moldova
45%
Namibia
45%
South Sudan
45%
Andorra
44%
Georgia
44%
Tonga
44%
Kosovo
43%
Samoa
43%
Zambia
43%
Bangladesh
42%
Kuwait
42%
Monaco
42%
Papua New Guinea
42%
Tanzania
41%
Vatican City
41%
Bahrain
40%
Barbados
40%
Malawi
39%
Mauritania
39%
Nauru
39%
North Macedonia
39%
Palau
39%
Singapore
39%
Botswana
38%
Uganda
38%
Antigua and Barbuda
37%
Azerbaijan
37%
Brunei
37%
Guinea
37%
Kiribati
37%
Saint Kitts and Nevis
37%
Saint Lucia
37%
Gabon
36%
Montenegro
36%
San Marino
36%
Tuvalu
36%
Cameroon
35%
Eritrea
35%
Gambia
35%
Maldives
35%
Saint Vincent and the
Grenadines
35%
Senegal
35%
Trinidad and Tobago
35%
Uzbekistan
35%
Zimbabwe
35%
Grenada
34%
Vanuatu
34%
Luxembourg
33%
Turkmenistan
33%
Liberia
32%
Mozambique
32%
Rwanda
32%
Tajikistan
31%
Timor-Leste
31%
Kyrgyzstan
30%
Lesotho
30%
Micronesia
30%
Burundi
29%
Cabo Verde
29%
Mauritius
29%
Seychelles
29%
Comoros
28%
Liechtenstein
28%
São Tomé and Príncipe
27%
Burkina Faso
26%
Côte d'Ivoire
26%
Djibouti
25%
Guinea-Bissau
25%
Eswatini
24%
Solomon Islands
24%
Marshall Islands
23%
Sierra Leone
23%
Equatorial Guinea
17%

Score Distribution

Percentile by Number Answered

Percent of People with Each Score

Your Score History

You have not taken this quiz since the last reset